Štyri labky na Slovensku

Bibliographic Details
Main Author: Jankovičová, Gabriela (Author)
Format: Article
Language:Slovak
PhysicalDescription:Fotogr.
ISSN:1335-7778
Subjects:

MARC

LEADER 00000nab a2200000 ar4500
001 vtls008963763
003 SK-MaSNL
005 20260303070756.0
008 070413c2007 xo mr|p|||||||000 b|slo
015 |a SNBRB2007/04  |2 snkbucl 
038 |a SNKBUCL 
040 |a SNKBUCL  |b slo  |c SNKBUCL  |e AACR2 
041 |a slo 
044 |a xo  |c SK 
080 |a 351.765:061.25  |x (437.6)  |2 2001 
100 1 |a Jankovičová, Gabriela  |4 aut  |9 1068661 
245 1 0 |a Štyri labky na Slovensku  |c Gabriela Jankovičová 
300 |b Fotogr. 
650 0 7 |a ochrana zvierat  |2 snkbucl  |9 3948 
650 0 7 |a útulky pre zvieratá  |2 snkbucl  |9 644455 
650 0 7 |a týranie zvierat  |2 snkbucl  |9 84527 
773 0 |t Pes a mačka  |g Roč. VII., č. 3 (2007), s. 4-7  |x 1335-7778 
852 |a SNK  |b KIS3GCP 
999 |c 1756875  |d 1758805